00913cam a2200229 a 4500020001800000040000800018082002600026100002200052245003900074250001300113260005200126300005000178500007200228650001200300700001900312700003000331856006800361856006800429942000700497999001700504952016200521 a9780073051628 cDLC a591 HIL 2009 A061 Or.1 aLytle, Charles F.10aGeneral zoology laboratory guide / a15th ed. aBoston :bMcGraw Hill Higher Education,cc2009. axxiv, 376 p. :bill. (chiefly col.) ;c28 cm. aRev. ed. of: General zoology laboratory guide / by J.E. Wodsedalek. 0aZoology1 aMeyer, John R.1 aWodsedalek, Jerry Edward,41uhttp://www.loc.gov/catdir/enhancements/fy1009/2010286007-t.html42uhttp://www.loc.gov/catdir/enhancements/fy1009/2010286007-d.html cEK c14943d14943 0010406591_000000000000000_HIL_2009_A061_OR70967665aLBAbLBAcA061d2017-11-01l1o591 HIL 2009 A061 Or.pA18979r2024-06-19s2024-05-30w2017-11-01yEK